LEADER 02013nam 2200541 450 001 000004689 005 20051123005118.0 010 $a88-7989-031-X 100 $a20051123d1993----km-y0itay0103----ba 101 0 $aita 102 $aIT 200 1 $aFrancesco d'Assisi e le origini dell'arte del Rinascimento in Italia$fHenry Thode$ga cura di Luciano Bellosi ; note filologiche di Giovanna Ragionieri ; traduzione di Rossella Zeni 200 1 $a1 $n0002935 210 $aRoma$cDonzelli$dc1993 215 $aXX, 556 p., [24] c. di tav.$d21 cm. 225 1 $aSaggi. Arti e lettere 300 $aTit. orig.: Franz von Assisi und die Anfange der Kunst der Renaissance in Italien 300 1 $aIn custodia 516 $aFrancesco d'Assisi 600 0 $aFrancesco$cd'Assisi $xIconografia 606 $aArte italiana$zSec. 13.-15. 676 $a755.630945$v(20. ed.) 700 1$aThode,$bHenry$0390208 702 1$aBellosi,$bLuciano 702 1$aRagionieri,$bGiovanna 702 1$aZeni,$bRossella 801 0$aIT$bUniversità della Basilicata - B.I.A.$gRICA$2unimarc 912 $a000004689 996 $aFranz von Assisi und die Anf?nge der Kunst der Renaissance in Italien$948402 997 $aUNIBAS BAS $aMONLET BAS $aMONOGR BAS $aLETTERE CAT $aLOTITO$b01$c20000612$lBAS01$h1600 CAT $aLOTITO$b01$c20000612$lBAS01$h1609 CAT $aDILEO$b01$c20000621$lBAS01$h1633 CAT $c20000913$lBAS01$h1426 CAT $c20000920$lBAS01$h1832 CAT $c20001010$lBAS01$h1635 CAT $c20050601$lBAS01$h1753 CAT $abatch$b01$c20050718$lBAS01$h1048 CAT $c20050718$lBAS01$h1107 CAT $c20050718$lBAS01$h1137 CAT $c20050718$lBAS01$h1151 CAT $aATLANTIS$b40$c20051123$lBAS01$h0051 CAT $aBATCH$b00$c20070503$lBAS01$h1732 FMT Z30 -1$lBAS01$LBAS01$mBOOK$1BASA1$APolo Storico-Umanistico$2DID$BDidattica$3FP/96173$9FP/96173$696173$5L96173$820000612$f04$FPrestabile Didattica LEADER 00985cam0 22003013 450 001 SOB017299 005 20210611065146.0 010 $a8806163531 100 $a20040211d2002 |||||ita|0103 ba 101 $aita 102 $aIT 200 1 $a<>silenzio dei comunisti$fVittorio Foa$gMiriam Mafai$gAlfredo Reichlin 210 $aTorino$cEinaudi$d2002 215 $a106 p.$d19 cm 225 2 $astruzzi$v549 410 1$1001LAEC00015681$12001 $aGli *struzzi$v549 700 1$aFoa$b, Vittorio$3AF00011294$4070$025995 702 1$aMAFAI, Miriam$3AF00021661$4070 702 1$aREICHLIN, Alfredo$3AF00021662$4070 801 0$aIT$bUNISOB$c20210611$gRICA 850 $aUNISOB 852 $aUNISOB$j320$m111303 912 $aSOB017299 940 $aM 102 Monografia moderna SBN 941 $aM 957 $a320$b002073$gSI$d111303$rACQUISTO$1Spinosa$2UNISOB$3UNISOB$420200115095244.0$520200115095259.0$6Spinosa 996 $aSilenzio dei comunisti$91675977 997 $aUNISOB